000
00303nam a2200109Ia 4500
008
220204s9999 xx 000 0 und d
082
_a
004
_b
KHU
100
_a
Khushwant Singh
245
0
_a
Khushwant Singh's India: A mirror for its monsters and monstrosities
260
_a
Bombay
_b
IBH
_c
1976
942
_c
BK
999
_c
29122
_d
29122